Normal view
MARC view
- Mikhaĭlov, I︠U︡. A
Entry Personal Name
001 - CONTROL NUMBER
- control field: 41773
003 - CONTROL NUMBER IDENTIFIER
- control field: NUST
005 - DATE AND TIME OF LATEST TRANSACTION
- control field: 20210314132134.0
008 - FIXED-LENGTH DATA ELEMENTS
- fixed length control field: 210314|| aca||aabn | a|a d
040 ## - CATALOGING SOURCE
- Original cataloging agency: NUST
- Transcribing agency: NUST
100 ## - HEADING--PERSONAL NAME
- Personal name: Mikhaĭlov, I︠U︡. A
670 ## - SOURCE DATA FOUND
- Source citation: Work cat.: (NUST): Lykov, A. V. 41772, Theory of energy and mass transfer, 1961.
